• 首页
  • 本馆介绍
  • 公告通知
  • 最新文献
  • 馆藏检索
  • 电子资源
  • 读者导购
  • 参考咨询
  • 我的图书馆
  • 登录
  • 详细信息显示
  • 放入我的书架
  • 预约/预借图书
  • 作者相关作品
  • 分类相关作品
  • 丛书相关作品
  • 出版社相关作品

书目信息

  • 表格格式
  • 工作单格式
  • 卡片格式
题名:
物理学词典
    
 
作者: 汪镇藩 编
分册:   分子与原子物理学分册
出版信息: 北京   科学出版社  1984.9
页数: 157页
开本: 20cm
丛书名:
单 册:
中图分类: O4-61
科图分类:
主题词: 物理学
电子资源:
ISBN:
000 00598nam0 2200205 45
001 0312221749
005 20051116155936.07
010    @dCNY1.15
091    @a17031.195
100    @a20031222d1984 km y0chiy0120 ea
101    @achi
200 1  @a物理学词典@AWu Li Xue Ci Dian@i分子与原子物理学分册@f汪镇藩等编@FWang Zhen Fan Deng Bian
210    @a北京@c科学出版社@d1984.9
215    @a157页@d20cm
517    @a分子与原子物理学分册@AFen Zi Yu Yuan Zi Wu Li Xue Fen Ce
606 0  @a物理学
690    @aO4-61@v3
701 0  @a汪镇藩@4编
801    @aCN@bTSTCL@c20051116
905    @dO4-61@e103@f1@b124102
    
    物理学词典.分子与原子物理学分册/汪镇藩等编.-北京:科学出版社,1984.9
    157页;20cm
    
    
    ISBN :CNY1.15
    
●
相关链接 在E读中查询图书 在五车中查询图书 在当当中查询图书 在豆瓣中查询图书


正题名:物理学词典     索取号:O4-61/103         预约/预借

序号 登录号 条形码 馆藏地/架位号 状态 备注
1 0124096   000391702   密集书库/ [索取号:O4-61/103] 在馆    
2 0124097   000391720   第三借阅区/ [索取号:O4-61/103] 在馆    
3 0124098   000391711   第三借阅区/ [索取号:O4-61/103] 在馆    
4 0124099   000391739   密集书库/ [索取号:O4-61/103] 在馆    
5 0124100   202140030   密集书库/ [索取号:O4-61/103] 在馆    
6 0124101   202139961   密集书库/ [索取号:O4-61/103] 在馆    
7 0124102   001962264   密集书库/ [索取号:O4-61/103] 在馆    
8 0124103   000391748   第二样本阅览室/ [索取号:O4-61/103] 在馆    
唐山师范学院图书馆 欢迎您!
大连网信软件有限公司© 版权所有